Warfare in the enemy's rear (Record no. 368071)

000 -LEADER
fixed length control field 00331cam a22001217a 4500
008 - FIXED-LENGTH DATA ELEMENTS--GENERAL INFORMATION
fixed length control field 180718b1963 xxu||||| |||| 00| 0 eng d
082 ## - DEWEY DECIMAL CLASSIFICATION NUMBER
Classification number N11 H363w
100 ## - MAIN ENTRY--PERSONAL NAME
Personal name Heilbrunn, Otto
245 ## - TITLE STATEMENT
Title Warfare in the enemy's rear
Statement of responsibility, etc. by Otto Heilbrunn
260 ## - PUBLICATION, DISTRIBUTION, ETC.
Place of publication, distribution, etc. London
Name of publisher, distributor, etc. Allen and Unwin
Date of publication, distribution, etc. 1963
300 ## - PHYSICAL DESCRIPTION
Extent 231p.
650 ## - SUBJECT ADDED ENTRY--TOPICAL TERM
Topical term or geographic name entry element Gureilla Warfare
Holdings
Withdrawn status Lost status Damaged status Not for loan Permanent Location Current Location Date acquired Full call number Barcode Date last seen Price effective from Koha item type
        Indian Institute of Public Administration Indian Institute of Public Administration 1994-05-19 N11 H363w 34521 2018-07-21 2018-07-21 Book

Powered by Koha